000 00291nam a22001217a 4500
008 180519b xxu||||| |||| 00| 0 eng d
041 _aeng
080 _a043.3
100 _a0
101 _aMBE-BA
245 _aMenaxhimi i Sherbimeve Bankare me Rast Analize
_cSelimaj, A
942 _2udc
_cBK
999 _c46037
_d46037